Business at the speed of thought; using a digital nervous system [urdu version] (Record no. 290641)
[ view plain ]
| 000 -LEADER | |
|---|---|
| fixed length control field | 00367 a2200121 4500 |
| 001 - CONTROL NUMBER | |
| control field | 55568 |
| 082 ## - DEWEY DECIMAL CLASSIFICATION NUMBER | |
| Classification number | 658.21 IMR |
| 090 ## - LOCALLY ASSIGNED LC-TYPE CALL NUMBER (OCLC); LOCAL CALL NUMBER (RLIN) | |
| -- | 34500 |
| -- | 34500 |
| 100 ## - MAIN ENTRY--PERSONAL NAME | |
| Personal name | Imran Sajid, Muhammad translator |
| 245 ## - TITLE STATEMENT | |
| Title | Business at the speed of thought; using a digital nervous system [urdu version] |
| Statement of responsibility, etc. | Muhammad Imran Sajid |
| 260 ## - PUBLICATION, DISTRIBUTION, ETC. | |
| Place of publication, distribution, etc. | Lahore |
| Name of publisher, distributor, etc. | Takhliqaat |
| Date of publication, distribution, etc. | 2007 |
| 300 ## - PHYSICAL DESCRIPTION | |
| Extent | 455 p |
| 942 ## - ADDED ENTRY ELEMENTS (KOHA) | |
| Institution code [OBSOLETE] | NUST-CAE |
| Call number prefix | 658.21 IMR |
| Withdrawn status | Lost status | Damaged status | Not for loan | Collection code | Permanent Location | Current Location | Date acquired | Total Checkouts | Full call number | Barcode | Date last seen | Price effective from | Koha item type |
|---|---|---|---|---|---|---|---|---|---|---|---|---|---|
| College of Aeronautical Engineering (CAE) | College of Aeronautical Engineering (CAE) | 04/03/2017 | 658.21 IMR | CAE79743 | 04/05/2017 | 04/05/2017 | Book |
